[Event "Paris GCT 2017 Blitz"]
[Site "Paris"]
[Date "2017.06.24"]
[Round "2"]
[White "Topalov, Veselin"]
[Black "Mamedyarov, Shakhriyar"]
[Result "1/2-1/2"]
[WhiteElo "2725"]
[BlackElo "2784"]
[Annotator "TA"]
[PlyCount "55"]
[EventDate "2017.??.??"]
[EventType "tourn"]
[EventCountry "FRA"]
[SourceTitle "playchess.com"]
[Source "ChessBase"]
[SourceQuality "1"]

{[%evp 13,55,39,46,12,33,11,40,-41,-31,-40,-36,-41,-43,-43,-43,-43,-39,-25,-44,-44,-10,-74,0,-8,0,0,0,0,0,0,0,0,0,-2,0,0,0,0,0,-4,0,0,0,-2]} 1. c4 Nf6 2. Nc3 d5 3. cxd5 Nxd5 4. g3 g6 5. Bg2 Nxc3 6. bxc3 Bg7 7. Rb1 Nc6 8. Nf3 {A16: English Opening: 1...Nf6 with ...d5} (8. h4 h6 9. Nf3 O-O 10. O-O e5 11. d3 Rb8 12. Be3 b6 13. Qd2 Kh7 14. Rfd1 Ne7 15. Qc2 Nf5 {0-1 (51) Mareco,S (2648)-Ipatov,A (2662) Saint Louis 2017}) 8... O-O 9. Qa4 Qd7 (9... Rb8 {feels hotter.} 10. O-O Bd7 11. Qc2 e5 12. e4 Qc8) 10. d4 $146 (10. O-O $14) ({Predecessor:} 10. Ba3 Rd8 11. O-O b6 12. Rfc1 Bb7 13. c4 Nd4 14. Qxd7 Rxd7 15. Nxd4 Bxg2 16. Kxg2 Rxd4 {0-1 (40) Renner,C (2420)-Ris,R (2416) Germany 2010}) 10... Nxd4 $15 11. Qxd7 Nxf3+ 12. Bxf3 Bxd7 13. Rxb7 Bxc3+ 14. Bd2 Be5 15. Bf4 Bxf4 16. gxf4 Rab8 {aiming for ...Bg4!} 17. Rxc7 (17. Rxa7 $11 Rb4 18. Kd2 (18. Rxc7 Bg4 $15)) 17... Be6 (17... Bh3 $17 18. Rxe7 Rfd8) 18. Rxa7 {The position is equal.} Rb1+ 19. Kd2 Rb2+ 20. Kc3 Rxa2 21. Rxa2 Bxa2 $11 {[%mdl 4096] Endgame KRB-KRB} 22. Ra1 Be6 23. Kd2 Rd8+ 24. Ke3 Kg7 25. Be4 Rc8 26. f3 Rc4 27. Bd3 Rc5 28. Kf2 {Precision: White = 46%, Black = 35%.} 1/2-1/2

[Event "Paris GCT 2017 Blitz"]
[Site "Paris"]
[Date "2017.06.24"]
[Round "2"]
[White "Bacrot, Etienne"]
[Black "Carlsen, Magnus"]
[Result "0-1"]
[WhiteElo "2688"]
[BlackElo "2851"]
[Annotator "TA"]
[PlyCount "76"]
[EventDate "2017.??.??"]
[EventType "tourn"]
[EventCountry "FRA"]
[SourceTitle "playchess.com"]
[Source "ChessBase"]
[SourceQuality "1"]

{[%evp 12,76,13,19,28,20,22,22,18,18,43,40,37,20,46,53,45,26,53,64,63,35,33,41,22,27,31,24,26,31,51,50,73,7,8,8,22,0,30,13,50,38,51,8,6,7,33,0,0,0,0,0,0,-40,-38,-39,-47,-78,-78,-141,-118,-434,-427,-425,-425,-458,-457]} 1. e4 c5 2. Nf3 d6 3. Bb5+ Bd7 4. Bxd7+ Qxd7 5. c4 e5 6. Nc3 Nc6 7. d3 Be7 {B52: Sicilian: Moscow Variation with 3...Bd7} 8. a3 Bd8 9. O-O Nge7 {The position is equal.} 10. b4 $146 ({Predecessor:} 10. Rb1 a5 11. Nh4 O-O 12. f4 exf4 {½-½ (12) Svetushkin,D (2618)-Georgiev,K (2663) Athens 2007}) 10... cxb4 11. axb4 Nxb4 12. Ba3 Nbc6 13. d4 exd4 14. Nxd4 Nxd4 15. Qxd4 O-O 16. e5 Nc6 17. Qxd6 Qxd6 18. exd6 {Strongly threatening d7.} Bf6 19. Rac1 Bxc3 $1 20. Rxc3 Rfd8 21. Rb1 Rd7 22. Re3 ({White should play} 22. c5 $16) 22... f6 $11 23. c5 Kf7 (23... b6 $5) 24. Reb3 Nd8 (24... b6 $5) 25. Kf1 Rc8 (25... b6 $5) 26. Ke2 Rc6 27. Rb5 Ra6 28. R1b3 Ra4 29. Ke3 Ke6 30. R5b4 Rxb4 31. Rxb4 {[%mdl 4096] Endgame KRB-KRN} Kd5 32. Re4 Nc6 33. Rh4 h6 34. Rh5+ Ne5 35. f4 (35. Ke2 $142) 35... g6 $17 {[%cal Bg7g6,Bg6h5][%mdl 32]} 36. fxe5 $2 {[%mdl 8192] [#]} (36. Rh3 $17 Nc4+ 37. Ke2) 36... gxh5 $19 {Black is clearly winning.} 37. exf6 Rf7 38. Bb2 Kxc5 {Precision: White = 34%, Black = 72%.} 0-1

[Event "Paris GCT 2017 Blitz"]
[Site "Paris"]
[Date "2017.06.24"]
[Round "3"]
[White "Carlsen, Magnus"]
[Black "Topalov, Veselin"]
[Result "1-0"]
[WhiteElo "2832"]
[BlackElo "2749"]
[Annotator "TA"]
[PlyCount "103"]
[EventDate "2017.??.??"]
[EventType "tourn"]
[EventCountry "FRA"]
[SourceTitle "playchess.com"]
[Source "ChessBase"]
[SourceQuality "1"]

{[%evp 9,103,0,11,0,0,3,21,30,19,7,34,25,41,41,37,31,43,31,31,29,54,39,40,40,45,45,46,41,75,79,84,84,71,70,73,77,79,67,106,91,77,29,64,54,97,97,108,113,112,0,47,52,63,58,125,70,83,81,81,72,71,65,55,25,69,59,174,155,182,136,85,112,382,393,353,198,343,335,306,279,363,285,380,373,370,341,285,267,267,236,297,281,289,280,1227,1128]} 1. d4 d5 2. Bf4 c5 3. e3 Nc6 4. c3 e6 5. Nf3 Bd6 6. Bg3 {D02: 1 d4 d5 2 Nf3 sidelines, including 2...Nf6 3 g3 and 2...Nf6 3 Bf4} Nge7 (6... Nf6 7. Nbd2 O-O 8. Bb5 Ne7 9. Bd3 Qb6 10. Rb1 Ng6 11. Bxg6 hxg6 12. Bxd6 Qxd6 13. Ne5 b6 14. Qf3 Ba6 15. h4 Nd7 16. Nxd7 Qxd7 {0-1 (38) Gelfand,B (2734)-Inarkiev,E (2730) Magas 2016}) 7. Bd3 h6 8. dxc5 $146 {The position is equal.} ({Predecessor:} 8. Nbd2 f5 9. dxc5 Bxc5 10. Nb3 Bd6 11. c4 O-O 12. Bxd6 Qxd6 13. O-O {1-0 (34) Masruri,R (2101)-Diano,E (2416) Kuala Lumpur 2012}) 8... Bxc5 9. Nbd2 O-O 10. O-O Nf5 11. Bxf5 exf5 12. Nb3 Bb6 13. Qd3 Be6 14. Rfd1 Qf6 15. Qb5 Qe7 16. a4 Rfc8 17. a5 Bd8 18. a6 Bb6 19. axb7 Qxb7 20. Nc5 Qe7 21. Nd3 g5 22. Nde5 Nd8 23. h4 f6 24. Nd3 Nc6 25. Ra6 Qe8 26. Rda1 f4 27. exf4 g4 28. f5 $1 {[%cal Rf5e6]} Bxf5 29. Nd2 ({White must play} 29. Nf4 $1 $16 {[%cal Rf4d5]} Ne7 30. Nd4) 29... Qf7 30. Nf4 Ne7 31. Re1 Re8 (31... Rc5 $14 32. Qxb6 axb6 33. Rxa8+ Rc8) 32. c4 $36 {[%mdl 2048] White has some pressure.} (32. Rxe7 $16 Rxe7 33. Nxd5 Re1+ 34. Kh2) 32... Rad8 $1 $14 33. c5 Bd7 34. Qb4 Nc6 35. Rxe8+ Rxe8 36. Qc3 (36. Qb3 $5 {[%cal Rc5b6]} Bxc5 37. Nxd5 Re1+ 38. Kh2 $16) 36... d4 37. Qc1 Bd8 ({Better is} 37... Bc7 $14) 38. Nc4 $18 Bc7 39. Nd6 Bxd6 40. cxd6 d3 $2 {[%mdl 8192]} (40... Rc8 $16) 41. Nxd3 Nd4 {Threatens to win with ...Ne2+.} 42. Nf4 (42. Qxh6 $142 Bc8 43. d7 $1 {[%mdl 512]} Ne2+ 44. Kh2 Bxa6 45. Qxf6 $1 {[%mdl 512]}) 42... Bb5 {[#]} (42... Nb5 {keeps fighting.} 43. Nd3 Kg7) 43. Ra3 $1 {[%cal Ba6a3,Ba3c3,Bc3c5][%mdl 32]} a6 44. Kh2 Nf5 45. Qc7 Nd4 46. Rc3 Ne6 47. Nxe6 Qxe6 48. Bf4 Qf5 49. Kg3 h5 50. Rc5 Qd3+ 51. Kh2 Qg6 $2 (51... Qe4 52. Bh6 Qh7) 52. d7 {Precision: White = 79%, Black = 33%.} 1-0

[Event "Paris GCT 2017 Blitz"]
[Site "Paris"]
[Date "2017.06.24"]
[Round "3"]
[White "Mamedyarov, Shakhriyar"]
[Black "Grischuk, Alexander"]
[Result "1/2-1/2"]
[WhiteElo "2800"]
[BlackElo "2761"]
[Annotator "TA"]
[PlyCount "51"]
[EventDate "2017.??.??"]
[EventType "tourn"]
[EventCountry "FRA"]
[SourceTitle "playchess.com"]
[Source "ChessBase"]
[SourceQuality "1"]

{[%evp 20,51,11,0,20,-3,23,12,15,4,5,10,15,10,37,9,31,0,0,-18,-26,-20,13,-9,0,13,6,0,0,0,18,0,0,0]} 1. d4 Nf6 2. c4 g6 3. g3 c6 4. Bg2 d5 5. Qa4 dxc4 6. Qxc4 Bg7 7. Nf3 O-O 8. O-O Bf5 9. Nc3 Nbd7 10. Qb4 Nb6 11. Qb3 a5 {D78: Fianchetto Grünfeld: 6 0-0 c6} 12. Re1 Ne4 {[%cal Bf6e4,Be4d6,Bd6b5][%mdl 32]} 13. Nh4 $146 ({Predecessor:} 13. a4 Rc8 14. Rd1 Nd6 15. Bf4 Be6 16. Qc2 Nd5 17. Nxd5 cxd5 {½-½ (31) Riemer,W (2420)-Kaczorowski,P (2387) ICCF email 1999}) 13... Be6 14. Qc2 Nd6 15. Nf3 Nb5 16. Rd1 Rc8 (16... Nxd4 $2 17. Nxd4 Bxd4 18. e3 $18) 17. h3 Qd7 (17... Bxd4 $2 18. Bh6 $18) (17... Nxd4 $2 18. Nxd4 Bxd4 19. e3 $18) 18. Kh2 Rfd8 ({Avoid the trap} 18... Nxd4 $2 19. Nxd4 Bxd4 20. e3 $18) 19. Bf4 Qe8 {[%cal Rb5d4]} ({Don't blunder} 19... Bxd4 $2 20. a4 $18) ({And not} 19... Nxd4 20. Nxd4 Bxd4 21. e3 $18) 20. e3 Nd5 {The position is equal.} 21. Na4 Nxf4 22. gxf4 Bf5 23. Qb3 Be6 24. Qc2 Bf5 25. Qb3 Be6 26. Qc2 {Precision: White = 29%, Black = 39%.} 1/2-1/2

[Event "Paris GCT 2017 Blitz"]
[Site "Paris"]
[Date "2017.06.24"]
[Round "3"]
[White "Vachier-Lagrave, Maxime"]
[Black "Caruana, Fabiano"]
[Result "0-1"]
[WhiteElo "2796"]
[BlackElo "2808"]
[Annotator "TA"]
[PlyCount "106"]
[EventDate "2017.??.??"]
[EventType "tourn"]
[EventCountry "FRA"]
[SourceTitle "playchess.com"]
[Source "ChessBase"]
[SourceQuality "1"]

{[%evp 11,106,17,21,14,27,0,-4,-4,0,-4,0,0,29,-3,19,12,12,1,13,0,7,-31,-15,-12,-11,-29,0,0,56,60,192,191,207,191,217,197,206,206,188,200,234,220,233,244,229,221,429,431,487,353,322,101,104,49,50,31,45,49,41,46,69,0,0,0,0,0,0,-84,72,-566,-575,-572,-568,-560,-554,-535,-531,-490,-476,-1661,-1589,-29954,-29954,-29953,-29953,-29956,-29956,-12704,-5243,-7508,-9529,-29970,-5081,-29981,-29982,-29982,-29983]} 1. e4 e6 2. d4 d5 3. Nd2 c5 4. Ngf3 cxd4 5. Nxd4 Nf6 6. exd5 Qxd5 7. Nb5 {And now Nc7+ would win. C07: French Tarrasch: 3...c5, 4 Ngf3 and 4 exd5 Qxd5} Qd8 8. Bd3 $146 ({Predecessor:} 8. Nc4 Qxd1+ 9. Kxd1 Na6 10. Be3 Ng4 11. Bd4 Bc5 12. Bxc5 Nxc5 13. Ke1 Ke7 14. Be2 Nf6 {½-½ (48) Demchenko,A (2632)-Lei,T (2468) Subic Bay 2016}) 8... a6 9. Nc3 {The position is equal.} Nc6 10. O-O Ne5 11. Be2 b5 12. Nf3 Qxd1 13. Rxd1 Nc6 14. Bf4 Bb7 15. a3 $36 {[%mdl 2048] White is pushing.} Bc5 16. b4 Be7 17. Ne5 Nxe5 18. Bxe5 O-O 19. a4 bxa4 (19... Bxb4 $11 20. axb5 axb5) 20. Nxa4 $14 Nd5 {[#]} ({But not} 20... Bxb4 $2 21. Bxf6 gxf6 22. c3 $18) ({Black should try} 20... Rfd8 $14) 21. c4 $1 $18 {[%cal Rc4d5]} Nxb4 22. Rd7 $1 {[%csl LRb7,LRe7]} Be4 23. Rxe7 Nc6 24. Bd6 Nxe7 25. Bxe7 Rfb8 26. c5 Rb3 27. f3 Bc6 28. Nb6 Ra7 $2 (28... Re8) 29. Bd6 a5 30. Bd1 Rb4 31. Ba4 $2 (31. Nc8 $18 {has better winning chances.} Rab7 32. Ne7+ (32. Rxa5 Rb1 $11) 32... Rxe7 33. Bxe7) 31... Bxa4 $16 32. Rxa4 (32. Nxa4 $16 {c6 is the strong threat.} Ra6 33. Be5) 32... f6 $1 $14 33. Kf2 Kf7 34. Ke3 e5 35. Rxb4 axb4 {[%cal Ba5b4,Bb4b3,Bb3b2][%mdl 32]} 36. c6 (36. Kd3 $1 $14 Ke6 37. Bf8) 36... b3 $1 $11 {[%cal Rb3b2]} 37. Kd3 Ra1 $1 {( -> ...b2)} ({Don't play} 37... Ra6 $6 38. Bc5 $16) 38. Nc4 Ra6 $1 39. c7 (39. Bc7 $11 {keeps the balance.}) 39... Rc6 $2 (39... b2 $1 $17 {[%cal Rb2b1]} 40. c8=Q b1=Q+ 41. Ke2 Qc2+ 42. Ke3 Qc3+ 43. Kf2 Qd4+ 44. Kg3 Rxd6 45. Nxd6+ Qxd6 46. Qc4+ Qe6) 40. f4 $2 {[%mdl 8192] [#]} (40. Bxe5 $1 $16 {and life is bright.} Ke6 41. Na5) 40... b2 $1 $19 {[%cal Rb2b1][%mdl 512]} 41. Nxb2 Rxd6+ {[%mdl 4096] Endgame KR-KN} 42. Ke4 Rc6 43. fxe5 Rxc7 44. Nd3 Rc2 45. exf6 (45. Kf3 $142) 45... Rxg2 46. fxg7 Rxh2 47. Nf4 Kxg7 48. Kf5 Ra2 49. Ne6+ Kh6 (49... Kf7 $142 50. Nf4 Ra5+ 51. Kg4 Kf6 52. Nh5+ Ke5) 50. Nf4 Ra5+ 51. Kf6 Rg5 (51... Rc5 $142 52. Nd3 Rc6+ 53. Kf5 Ra6 54. Nf4 Kg7 55. Nh5+ Kf7 56. Nf4 Ra5+ 57. Kg4 Kf6 58. Nh5+ Ke5 59. Ng3 Ra4+ 60. Kg5 Ra6 61. Kh4 Rg6 62. Ne2 Kf5 63. Nd4+ Ke4 64. Ne2 Kf3 65. Nd4+ Ke3 66. Nb5 Kf4 67. Kh3 Rh6+ 68. Kg2 Rb6 69. Nc7 Kg4 70. Nd5 Rb2+ 71. Kf1 Kg3 72. Ke1 h5 73. Ne3 Rf2 74. Nd1 Rf3 75. Ke2 h4 76. Kd2 h3 77. Nc3 h2 78. Ne2+ Kh4 79. Nd4 Rf7 80. Nb3 h1=Q 81. Kc3 Qh3+ 82. Kb4 Rf4+ 83. Kb5 Qxb3+ 84. Kc6 Qe6+ 85. Kc5 Rc4+ 86. Kb5 Qc6+ 87. Ka5 Ra4#) 52. Ne6 Rg6+ 53. Kf5 {[#]} Rxe6 $1 {Precision: White = 44%, Black = 43%.} 0-1

[Event "Paris GCT 2017 Blitz"]
[Site "Paris"]
[Date "2017.06.24"]
[Round "3"]
[White "Nakamura, Hikaru"]
[Black "So, Wesley"]
[Result "1-0"]
[WhiteElo "2785"]
[BlackElo "2812"]
[Annotator "TA"]
[PlyCount "97"]
[EventDate "2017.??.??"]
[EventType "tourn"]
[EventCountry "FRA"]
[SourceTitle "playchess.com"]
[Source "ChessBase"]
[SourceQuality "1"]

{[%evp 18,97,7,0,25,24,54,44,91,85,81,54,72,62,70,81,74,26,22,25,48,38,43,0,77,75,128,114,120,55,209,70,54,75,60,80,86,54,61,54,53,58,44,-8,299,297,325,242,281,278,379,376,358,365,367,370,410,359,379,284,630,307,847,820,1247,1068,1334,0,0,0,0,0,1419,1079,841,533,609,560,29990,29991,29991,29992]} 1. Nf3 d5 2. e3 Nf6 3. b3 e6 4. Bb2 b6 5. c4 Bb7 6. d4 Bd6 7. Nbd2 O-O 8. Bd3 Nbd7 9. Rc1 Ne4 10. O-O Nxd2 {E14: Queen's Indian: Classical Variation (4 e3)} 11. Nxd2 Nf6 $146 ({Predecessor:} 11... Qh4 12. h3 c5 13. cxd5 Bxd5 14. Bc4 Bb7 15. Nf3 Qe7 16. Qe2 cxd4 17. Nxd4 a6 18. Bd3 {1-0 (88) Harikrishna,P (2570)-Bakre,T (2443) Calicut 2003}) 12. c5 bxc5 {White is slightly better.} 13. dxc5 Be7 14. c6 Bc8 15. Qe2 Bb4 16. Rfd1 Qe7 17. Nf3 a5 18. a4 $36 {[%mdl 2048] White fights for an advantage.} Ne4 19. Bxe4 dxe4 20. Ne5 (20. Nd4 {keeps more tension.} e5 21. Nb5 f6 22. Bc3 Be6 23. Qc2) 20... Bd6 (20... f6 $1 $11 {keeps the balance.} 21. Nd7 Rd8) 21. Qc2 f5 (21... Bxe5 $142 22. Bxe5 f6) 22. Nc4 Ba6 23. Nxd6 ({Better is} 23. h3 $16) 23... cxd6 $2 {[#]} (23... Bd3 $1 $14 24. Nxf5 exf5) 24. Ba3 (24. c7 $18) 24... Bd3 $1 $14 {[%cal Rd3c2]} 25. Rxd3 exd3 26. Qxd3 Rac8 27. b4 (27. Bxd6 Rfd8 $17) (27. Qxd6 $2 Qxd6 28. Bxd6 Rfd8 $19) 27... axb4 28. Bxb4 Qc7 29. h3 {[%mdl 1024] White has compensation.} ({Weaker is} 29. Qxd6 Qxd6 30. Bxd6 Rfd8 $17) ({Worse is} 29. Bxd6 Rfd8 $17) 29... Rfd8 30. Qb5 (30. e4 $14) 30... Qa7 $2 {[%mdl 8192]} (30... Ra8 $1 $11 {and Black has nothing to worry.}) 31. Ba5 $18 Rf8 {[#] ...Rb8 is the strong threat.} 32. Bb6 Qe7 33. a5 {[%cal Ba4a5,Ba5a6,Ba6a7][%mdl 32]} f4 34. exf4 Rxf4 35. a6 Rf5 36. Qa4 Qg5 37. Rb1 Qg6 38. Ra1 Rg5 $2 (38... Qe8 39. a7 Ra8) 39. g4 (39. a7 $142 Ra8 40. c7) 39... h5 $2 (39... Rf5 40. c7 Rff8) 40. a7 Kh7 41. Be3 Re5 42. g5 $2 (42. a8=Q $18 Rxa8 43. Qxa8 Rxe3 44. fxe3 hxg4 45. c7 gxh3+ 46. Kh2 Qc2+ 47. Kxh3 Qxc7 48. Qe4+ Kh6 49. Qh4+ Kg6 50. Rg1+ Kf7 51. Qh5+ Kf8 52. Qh8+ Ke7 53. Rxg7+ Kf6 54. Rxc7+ Kg5 55. Qg7+ Kh5 56. Rc4 e5 57. Rh4#) 42... Rxe3 $1 $11 43. fxe3 Qxg5+ {[%mdl 4096] Endgame KQR-KQR} 44. Kh1 Qxe3 $2 {[%mdl 8192]} (44... Qd5+ $11 45. Kg1 (45. e4 Qd3 $11) 45... Qg5+ 46. Kf2 Rf8+ 47. Ke2 Qg2+ 48. Kd3 Qd5+ 49. Kc3 Rf2) 45. Qc2+ $18 Kh6 46. Qg2 Ra8 47. c7 Qc3 48. Rg1 {[%csl Gg1][%cal Rg2g6]} Kh7 49. Qe4+ {Precision: White = 55%, Black = 31%.} 1-0

[Event "Paris GCT 2017 Blitz"]
[Site "Paris"]
[Date "2017.06.24"]
[Round "3"]
[White "Karjakin, Sergey"]
[Black "Bacrot, Etienne"]
[Result "1-0"]
[WhiteElo "2781"]
[BlackElo "2708"]
[Annotator "TA"]
[PlyCount "151"]
[EventDate "2017.??.??"]
[EventType "tourn"]
[EventCountry "FRA"]
[SourceTitle "playchess.com"]
[Source "ChessBase"]
[SourceQuality "1"]

{[%evp 13,151,18,27,20,25,8,35,35,35,35,35,9,32,5,57,39,52,43,49,45,50,32,57,0,43,12,24,22,44,23,31,10,31,0,22,10,67,58,60,75,62,71,65,65,91,3,18,14,24,-112,-110,-156,-12,-22,-22,-24,15,0,10,0,0,0,0,0,0,0,0,-28,39,31,0,4,0,0,0,-74,7,-202,-120,-128,-137,-143,-118,-112,146,0,0,-215,-20,-947,-929,-1193,-1176,-1161,0,0,0,0,0,-1543,814,727,868,879,1642,1678,1604,1539,1595,1520,1568,1561,1481,1424,1699,1681,870,1759,29978,29979,29978,29979,29990,29985,29985,6211,29988,29980,5197,1277,29994,29990,29990,29991,29992,29992,29993,29993,29995,29994]} 1. e4 e5 2. Nf3 Nc6 3. Bc4 Bc5 4. O-O Nf6 5. d3 d6 6. c3 a6 7. a4 O-O 8. Re1 {C54: Giuoco Piano: 4 c3 Nf6, main lines with 5 d4 and 5 d3} h6 (8... Ba7 9. h3 Ne7 10. d4 Ng6 11. Nbd2 c6 12. Bf1 Re8 13. dxe5 dxe5 14. Qc2 b5 15. b4 Be6 {½-½ (71) So,W (2812)-Karjakin,S (2781) Stavanger 2017}) 9. h3 Be6 10. Bxe6 {White is slightly better.} fxe6 11. b4 Ba7 12. Be3 Bxe3 13. Rxe3 Ne7 $146 (13... d5 $11) 14. Nbd2 Ng6 15. Qb3 Qe7 16. g3 Rf7 17. Rf1 Raf8 18. Nh2 ({Better is} 18. d4 $14) 18... Kh8 19. Qd1 Qe8 20. Kg2 Nh7 21. Rf3 Nf6 22. a5 d5 23. Qe2 Qc6 24. Rc1 Qd6 (24... h5 $11) 25. Ng4 $14 c5 26. Nxf6 gxf6 27. Qe3 Kh7 28. Qxc5 Qd7 29. exd5 (29. Qe3 $16) 29... exd5 $11 30. c4 $1 Rc8 31. Qb6 (31. Qe3 $11) 31... f5 $17 32. Nb3 {Threatening Nc5.} e4 (32... Rc6 $17 33. Qa7 Qe7) 33. dxe4 $11 dxe4 34. Rfc3 $1 Rg8 35. Nc5 Qd4 36. Nxb7 Qxb6 37. axb6 {And now Nd6 would win.} Rxb7 38. c5 Nf4+ 39. Kf1 $1 Nd3 (39... Nxh3 $6 40. Ra1 $16) 40. Rb1 Rc8 (40... f4 $11 41. gxf4 Kg6) 41. Ra3 {[%mdl 1024] White has compensation.} Ra8 42. Ke2 Kg6 43. Ke3 Kf6 44. Kd4 (44. Ra5 $1 $11 {was the only way to keep the balance.}) 44... Ke6 ({Reject} 44... Nxf2 45. b5 $11) (44... Rd8+ $1 $17 45. Ke3 Ke5) 45. f3 $2 (45. f4 $11 {and White has nothing to worry.}) 45... Rd8+ (45... Ne5 $1 $19 46. Rc1 Nxf3+ 47. Ke3 Ne5) 46. Ke3 $17 Ne5 47. Rc3 Nxf3 48. Ra1 Ke5 $2 {[%mdl 8192] [#]} (48... Ne5 $1 $17 {[%cal Re5c6] stays on course. White must now prevent ...Nc6.} 49. Rxa6 Kd5) 49. Rxa6 (49. Ra5 $1 $16 Kf6 50. Rxa6 f4+ 51. gxf4) 49... Rbd7 50. Raa3 $2 (50. Ra2 $11 {and White stays safe.}) 50... Rd1 $2 (50... Rd2 $19 {( -> ...Ng1)} 51. b7 Rb2) 51. Rc2 $2 {[%mdl 8192]} (51. Ra2 $11) 51... Nd4 $19 52. Rca2 Nb5 53. Rb3 R8d3+ $2 (53... Rf1 $19 54. Rf2 Re1+ 55. Re2 Rxe2+ 56. Kxe2 Nd4+ 57. Kf2 Nxb3) 54. Rxd3 $11 Rxd3+ {[%mdl 4096] Endgame KRN-KR} 55. Kf2 {Strongly threatening b7.} e3+ $1 56. Kf1 $2 {[%mdl 8192]} ({But not} 56. Ke2 $2 Ke4 $19) (56. Kg2 $11 Rd8 57. Kf3) 56... Nc3 $4 {[%mdl 8192] [#]} (56... Ke4 $19 57. Kg2 Rd2+ 58. Rxd2 exd2) 57. b7 $1 $18 Rd1+ 58. Kg2 Rd8 59. Ra8 Rd2+ 60. Kf3 Nd5 61. b8=Q+ Kd4 62. Qh8+ Kc4 63. g4 Rf2+ 64. Kg3 f4+ 65. Kh4 e2 66. Qe5 Ne3 67. Qe4+ Kb3 68. Qd3+ Kb2 69. Qd2+ (69. Qa3+ $142 Kc2 70. Qa2+ Kc1 71. Qa1+ Kc2 72. c6 Ng2+ 73. Kh5 e1=Q 74. Qxe1 Nxe1 75. c7) 69... Kb3 70. Kh5 Rh2 71. h4 Ng2 72. Qxe2 {White mates.} Rxh4+ 73. Kg6 f3 74. Qxf3+ Kc4 75. Qxg2 Kb5 76. Qg3 {Precision: White = 30%, Black = 35%.} 1-0

[Event "Paris GCT 2017 Blitz"]
[Site "Paris"]
[Date "2017.06.24"]
[Round "4"]
[White "Caruana, Fabiano"]
[Black "Nakamura, Hikaru"]
[Result "0-1"]
[WhiteElo "2808"]
[BlackElo "2785"]
[Annotator "TA"]
[PlyCount "108"]
[EventDate "2017.??.??"]
[EventType "tourn"]
[EventCountry "FRA"]
[SourceTitle "playchess.com"]
[Source "ChessBase"]
[SourceQuality "1"]

{[%evp 13,108,8,10,-1,6,-22,-25,-20,-26,-26,-28,-26,-21,-15,0,-4,-4,-18,-13,-16,-8,-12,29,27,25,11,32,-3,62,0,0,0,0,0,0,-14,-16,-14,-16,-16,-10,-62,-64,-99,-22,-200,-200,-235,-245,-222,-224,-215,-160,-252,-257,-256,-236,-263,-231,-211,-37,-35,-34,-31,-10,-92,460,-449,-329,-354,-276,-526,-354,-324,-254,-270,-224,-221,-215,-536,-532,-525,-483,-2640,-1664,-6721,-10928,-12838,-12839,-12839,-5700,-12841,-12842,-12841,-12842,-12842,-12842]} 1. e4 e5 2. Nf3 Nc6 3. Bb5 Nf6 4. d3 Bc5 5. Bxc6 dxc6 6. Nbd2 {C65: Ruy Lopez: Berlin Defence (3...Nf6), unusual lines and 4 0-0 Bc5} Be6 7. Nb3 Bb6 {LiveBook: 6 Games} (7... Bd6 8. Na5 Qc8 9. Bd2 O-O 10. Bc3 Re8 11. Qe2 Nd7 12. O-O Bg4 13. h3 Bh5 {½-½ (71) Caruana,F (2823)-Nakamura,H (2779) Saint Louis 2016}) 8. Qe2 $146 {The position is equal.} ({Predecessor:} 8. Bd2 Nd7 9. Na5 Bxa5 10. Bxa5 c5 11. Bc3 Bg4 12. h3 Bxf3 13. Qxf3 Qe7 {½-½ (32) Caruana,F (2823)-Anand,V (2779) Saint Louis 2016}) 8... Qe7 9. Bd2 {[%cal Bc1d2,Bd2c3,Bc3d4][%mdl 32]} a5 {[%cal Ba7a5,Ba5a4,Ba4a3][%mdl 32]} 10. Bc3 Nd7 11. d4 a4 12. Nbd2 a3 {...axb2 is the strong threat.} 13. b3 exd4 14. Bxd4 O-O 15. O-O Ba5 16. Rad1 Rad8 17. Qe3 Bg4 18. Nc4 ({Don't blunder} 18. Qg5 $2 Qxg5 19. Nxg5 Bxd1 $19) 18... Bb4 19. h3 (19. c3 $5 {[%cal Rc3b4]} Bd6 20. h3 (20. Nxd6 cxd6 21. Qf4 Bxf3 $11) 20... Bxf3 21. Qxf3 $14) 19... Bh5 20. Qf4 Rfe8 (20... Nc5 $11 21. g4 Ne6) 21. c3 (21. Qxc7 $14 Nf6 22. Qg3) 21... Bd6 $11 22. e5 Bc5 23. g4 Bg6 24. Ne3 (24. Qe3 $5) 24... Bxd4 25. Rxd4 f6 {[%cal Rf6e5]} 26. exf6 Qxf6 27. Qg3 (27. Qxf6 $11 Nxf6 28. Rxd8 Rxd8 29. Rc1) 27... Nc5 $15 {White must now prevent ...Ne4.} 28. Rxd8 Rxd8 ({Better is} 28... Qxd8 $17 29. Qf4 Ne4) 29. Qxc7 $2 (29. Nd4 $1 $11 {and White is okay.}) 29... Rf8 $1 $19 30. Nd4 Bd3 31. Nef5 {With the idea Re1.} Bxf1 32. Kxf1 h6 33. h4 (33. Qg3 $17 {was necessary.}) 33... Re8 34. Kg2 Kh7 35. b4 Ne4 36. Qd7 Rd8 $2 (36... Rf8 $1 $19 37. Qxb7 Rf7 38. Qxc6 Qxc6 39. Nxc6 Nxc3) 37. Qxb7 $15 Nxc3 38. Ne6 Rg8 39. Qxc6 (39. Qd7 $1 $11) 39... Qe5 $2 {[%mdl 8192]} (39... Ne2 $1 $17 {[%cal Re2f4] keeps the pressure on.} 40. Nfxg7 Nf4+ 41. Kg3 Qc3+ $3 {[%mdl 512]} 42. Qf3 (42. Qxc3 $2 {is the wrong capture.} Ne2+ 43. Kf3 Nxc3 $19) 42... Ne2+ 43. Kg2 Qxf3+ 44. Kxf3 Nc3) 40. Nc5 $4 {[%mdl 8192]} (40. Ne7 $18 {was the only winning move. Ng5+! would kill now.} Qe4+ 41. Qxe4+ Nxe4 42. Nxg8 Kxg8 43. b5) 40... Qd5+ 41. Qxd5 Nxd5 $19 {[%mdl 4096] Endgame KRN-KNN} 42. b5 $2 (42. Nd4 Nxb4 43. Nb5) 42... Rb8 43. Nd4 Nc3 44. Na6 Rb6 45. Nb4 Nxb5 46. Nxb5 $2 (46. Nd5 Rd6 47. Nxb5 Rxd5 48. Nxa3) 46... Rxb5 {KR-KN. Black is clearly winning.} 47. Nc2 {[#]} Ra5 $1 48. f4 (48. f3 $142 h5 49. g5) 48... h5 49. Kf3 hxg4+ 50. Kxg4 Kg6 51. Nd4 Kf6 (51... Rc5 $142 52. h5+ Kf6) 52. h5 Rc5 53. Kf3 Rc1 54. Nb5 Rc2 {Precision: White = 24%, Black = 61%.} 0-1